Transpozícia smernice o audiovizuálnych mediálnych službách

Právna úprava vykonávania činností televízneho vysielania a jej rugulácia v členských štátoch Európskej únie pod názvom Smernica o televízii bez hraníc (Television without Frontiers /TWF). Vývoj a úpravy regulačného rámca smernice Európskeho parlamentu a Rady 2007 / 65 / ES. Legislatívne zmeny a zav...

Descrizione completa

Salvato in:
Dettagli Bibliografici
Autore principale: Laššáková, Ivana
Natura: Capitolo di libro
Lingua:slovacco
Soggetti:
Tags: Aggiungi Tag
Nessun Tag, puoi essere il primo ad aggiungerne!!

MARC

LEADER 00000naa$a2200000$$$4500
001 0104444
005 20220729110014.8
041 0 |a slo 
044 |a SK 
245 1 0 |a Transpozícia smernice o audiovizuálnych mediálnych službách  |c Ivana Laššáková 
520 |a Právna úprava vykonávania činností televízneho vysielania a jej rugulácia v členských štátoch Európskej únie pod názvom Smernica o televízii bez hraníc (Television without Frontiers /TWF). Vývoj a úpravy regulačného rámca smernice Európskeho parlamentu a Rady 2007 / 65 / ES. Legislatívne zmeny a zavádzanie nových pojmov. Transponovanie smernice o audiovizuálnych mediálnych službách do právneho poriadku Slovenskej republiky. 
610 2 0 |a médiá 
610 2 0 |a technológie obrazové 
610 2 0 |a technika audiovizuálna 
610 2 0 |a Európska únia 
610 2 0 |a úpravy právne 
610 2 0 |a smernice 
610 2 0 |a televízia 
610 2 0 |a Slovensko 
100 1 |a Laššáková, Ivana